|
|
|
|
| LEADER |
02613nam a2200625 a 4500 |
| 001 |
nkc20091861238 |
| 003 |
CZ PrNK |
| 005 |
20100507174448.0 |
| 007 |
ta |
| 008 |
090312s2009 xr ab e f 001 0 cze |
| 015 |
|
|
|a cnb001861238
|
| 020 |
|
|
|a 978-80-87248-00-3
|q (váz.)
|
| 035 |
|
|
|a (OCoLC)320230085
|
| 040 |
|
|
|a ABA001
|b cze
|
| 043 |
|
|
|a e-gx---
|a e-xr---
|b e-xr-cc
|2 czenas
|
| 072 |
|
7 |
|a 913(437)
|x Geografie Česka a Slovenska, reálie, cestování
|2 Konspekt
|9 7
|
| 080 |
|
|
|a 725.012.28
|2 MRF
|
| 080 |
|
|
|a (188)-024.544
|2 MRF
|
| 080 |
|
|
|a 553.571
|2 MRF
|
| 080 |
|
|
|a (234.564)
|2 MRF
|
| 080 |
|
|
|a (437.31-16)
|2 MRF
|
| 080 |
|
|
|a (430)
|2 MRF
|
| 080 |
|
|
|a (084.12)
|2 MRF
|
| 100 |
1 |
|
|a Rak, Jiří,
|d 1957-
|7 mzk2007411129
|4 aut
|
| 245 |
1 |
0 |
|a Nejkrásnější výhledy na Českosaské Švýcarsko :
|b obrazový průvodce po vyhlídkách a rozhlednách /
|c Jiří Rak, Antonín Votápek ; [fotografie Bohumil Eichler ... et al.]
|
| 250 |
|
|
|a 2., upr. a rozš. vyd.
|
| 260 |
|
|
|a Krásná Lípa :
|b České Švýcarsko,
|c 2009
|
| 300 |
|
|
|a 155 s. :
|b barev. il., mapa ;
|c 22 x 23 cm
|
| 504 |
|
|
|a Obsahuje bibliografii a rejstřík
|
| 650 |
0 |
7 |
|a rozhledová místa
|7 ph136793
|z Česko
|2 czenas
|
| 650 |
0 |
7 |
|a rozhledová místa
|7 ph136793
|z Německo
|2 czenas
|
| 650 |
0 |
7 |
|a rozhledny
|7 ph125258
|z Česko
|2 czenas
|
| 650 |
0 |
7 |
|a rozhledny
|7 ph125258
|z Německo
|2 czenas
|
| 650 |
0 |
7 |
|a pískovcové oblasti
|7 ph124870
|z Česko
|2 czenas
|
| 650 |
0 |
7 |
|a pískovcové oblasti
|7 ph124870
|z Německo
|2 czenas
|
| 650 |
0 |
9 |
|a lookout points
|z Czechia
|2 eczenas
|
| 650 |
0 |
9 |
|a lookout points
|z Germany
|2 eczenas
|
| 650 |
0 |
9 |
|a lookout towers
|z Czechia
|2 eczenas
|
| 650 |
0 |
9 |
|a lookout towers
|z Germany
|2 eczenas
|
| 650 |
0 |
9 |
|a sandstone areas
|z Czechia
|2 eczenas
|
| 650 |
0 |
9 |
|a sandstone areas
|z Germany
|2 eczenas
|
| 651 |
|
7 |
|a České Švýcarsko (Česko)
|7 ge131062
|2 czenas
|
| 651 |
|
7 |
|a Děčínská vrchovina (Česko a Německo)
|7 ge128472
|2 czenas
|
| 651 |
|
9 |
|a České Švýcarsko (Czechia)
|2 eczenas
|
| 651 |
|
9 |
|a Děčínská vrchovina Region (Czechia and Germany)
|2 eczenas
|
| 655 |
|
7 |
|a fotografické publikace
|7 fd132276
|2 czenas
|
| 655 |
|
9 |
|a photographical works
|2 eczenas
|
| 700 |
1 |
|
|a Votápek, Antonín,
|d 1973-
|7 mzk2007411130
|4 aut
|
| 700 |
1 |
|
|a Eichler, Bohumil,
|d 1954-
|7 xx0017011
|4 pht
|
| 856 |
4 |
1 |
|u http://www.digitalniknihovna.cz/mzk/uuid/uuid:1aaa6950-c3a6-11e3-b110-005056827e51
|y Digitalizovaný dokument
|x NDK
|
| 910 |
2 |
|
|a BOA001
|b 2-1221.039
|
| 990 |
|
|
|a BK
|
| 995 |
|
|
|a 01
|
| 991 |
|
|
|b 200904
|
| 996 |
6 |
|
|b 2610373480
|c 2-1221.039
|l MZK
|r Sklad / do 1 hodiny
|n 3
|p p.v.
|w 000933702
|u 000010
|a 1
|e BOA001
|j MZK50
|s P
|